Critical international relations theory after 25 years / (Record no. 12906)
[ view plain ]
| 000 -LEADER | |
|---|---|
| fixed length control field | 01582cam a2200289 a 4500 |
| 001 - CONTROL NUMBER | |
| control field | 15112548 |
| 005 - DATE AND TIME OF LATEST TRANSACTION | |
| control field | 20080212145418.0 |
| 008 - FIXED-LENGTH DATA ELEMENTS--GENERAL INFORMATION | |
| fixed length control field | 071213s2007 enk 001 0 eng |
| 010 ## - LIBRARY OF CONGRESS CONTROL NUMBER | |
| LC control number | 2007282560 |
| 020 ## - INTERNATIONAL STANDARD BOOK NUMBER | |
| International Standard Book Number | 9780521714259 (pbk.) |
| 040 ## - CATALOGING SOURCE | |
| Original cataloging agency | DLC |
| Transcribing agency | DLC |
| Modifying agency | DLC |
| 050 00 - LIBRARY OF CONGRESS CALL NUMBER | |
| Classification number | JZ1305 |
| Item number | .C73 2007 |
| 082 00 - DEWEY DECIMAL CLASSIFICATION NUMBER | |
| Classification number | 327.101 |
| Edition number | 22 |
| Item number | REL |
| 245 00 - TITLE STATEMENT | |
| Title | Critical International relations theory after 25 years / |
| Statement of responsibility, etc | edited by Nicholas Rengger and Ben Thirkell-White. |
| 260 ## - PUBLICATION, DISTRIBUTION, ETC. (IMPRINT) | |
| Place of publication, distribution, etc | Cambridge ; |
| -- | New York : |
| Name of publisher, distributor, etc | Cambridge University Press, |
| Date of publication, distribution, etc | 2007. |
| 300 ## - PHYSICAL DESCRIPTION | |
| Extent | vi, 176 p. ; |
| Dimensions | 25 cm. |
| 500 ## - GENERAL NOTE | |
| General note | "This is the first of four edited books, drawn from Special Issues, which will be produced while the Review of International Studies is based at the University of St Andrews"--Preface, p. v. |
| 650 #0 - SUBJECT ADDED ENTRY--TOPICAL TERM | |
| Topical term or geographic name as entry element | International relations |
| General subdivision | Philosophy. |
| 9 (RLIN) | 9345 |
| 700 1# - ADDED ENTRY--PERSONAL NAME | |
| Personal name | Rengger, N. J. |
| Fuller form of name | (Nicholas J.) |
| 9 (RLIN) | 9346 |
| 700 1# - ADDED ENTRY--PERSONAL NAME | |
| Personal name | Thirkell-White, Ben, |
| Dates associated with a name | 1971- |
| 9 (RLIN) | 9347 |
| 856 42 - ELECTRONIC LOCATION AND ACCESS | |
| Materials specified | Contributor biographical information |
| Uniform Resource Identifier | <a href="http://www.loc.gov/catdir/enhancements/fy0806/2007282560-b.html">http://www.loc.gov/catdir/enhancements/fy0806/2007282560-b.html</a> |
| 856 42 - ELECTRONIC LOCATION AND ACCESS | |
| Materials specified | Publisher description |
| Uniform Resource Identifier | <a href="http://www.loc.gov/catdir/enhancements/fy0806/2007282560-d.html">http://www.loc.gov/catdir/enhancements/fy0806/2007282560-d.html</a> |
| 856 41 - ELECTRONIC LOCATION AND ACCESS | |
| Materials specified | Table of contents only |
| Uniform Resource Identifier | <a href="http://www.loc.gov/catdir/enhancements/fy0806/2007282560-t.html">http://www.loc.gov/catdir/enhancements/fy0806/2007282560-t.html</a> |
| 942 ## - ADDED ENTRY ELEMENTS (KOHA) | |
| Source of classification or shelving scheme | Dewey Decimal Classification |
| Item type | Book - Borrowing |
| Withdrawn status | Item status | Source of classification or shelving scheme | Damaged status | Not for loan | Vendor | Home library | Current library | Shelving location | Date acquired | Source of acquisition | Cost, normal purchase price | Total Checkouts | Total Renewals | Full call number | Barcode | Date last seen | Date last borrowed | Koha item type |
|---|---|---|---|---|---|---|---|---|---|---|---|---|---|---|---|---|---|---|
| Dewey Decimal Classification | Baccah | Central Library | Central Library | First floor | 15/11/2009 | Purchase | 225.00 | 3 | 1 | 327.101 CRI | 000019000 | 15/07/2025 | 09/12/2015 | Book - Borrowing |